Music Quiz

Random Music or Lyrics Quiz

Guess the Song and Lyrics, Delta Goodrem edition 1 Quiz Stats

 Plays Quiz not verified by Sporcle

Challenge
Share
Tweet
Embed
Score 0/252 Timer 10:00
0 Plays Today
Lyrics % Correct
I
97.6%
I
97.6%
I
97.6%
I
97.6%
I
97.6%
I
97.6%
I
97.6%
I
97.6%
I
97.6%
I
97.6%
I
97.6%
I
97.6%
you
91.7%
you
91.7%
you
91.7%
you
91.7%
you
91.7%
you
91.7%
you
91.7%
you
91.7%
you
91.7%
in
86.9%
And
86.9%
And
86.9%
to
86.9%
to
86.9%
Be
86.9%
And
86.9%
in
86.9%
to
86.9%
Be
86.9%
to
86.9%
to
86.9%
in
86.9%
And
86.9%
and
86.9%
And
86.9%
And
86.9%
to
86.9%
to
86.9%
Be
86.9%
And
86.9%
in
86.9%
to
86.9%
Be
86.9%
to
86.9%
to
86.9%
And
86.9%
And
86.9%
And
86.9%
to
86.9%
to
86.9%
Be
86.9%
And
86.9%
in
86.9%
to
86.9%
Be
86.9%
to
86.9%
to
86.9%
to
86.9%
be
86.9%
to
86.9%
to
86.9%
love
84.5%
love
84.5%
love
84.5%
love
84.5%
the
82.1%
the
82.1%
the
82.1%
the
82.1%
the
82.1%
the
82.1%
the
82.1%
the
82.1%
the
82.1%
me
81%
me
81%
me
81%
me
81%
me
81%
that
78.6%
believe
78.6%
that
78.6%
Lyrics % Correct
that
78.6%
believe
78.6%
That
78.6%
believe
78.6%
that
78.6%
that
78.6%
believe
78.6%
That
78.6%
believe
78.6%
that
78.6%
believe
78.6%
that
78.6%
believe
78.6%
That
78.6%
believe
78.6%
was
77.4%
was
77.4%
was
77.4%
was
77.4%
was
77.4%
was
77.4%
was
77.4%
born
76.2%
try
76.2%
born
76.2%
try
76.2%
born
76.2%
try
76.2%
born
76.2%
try
76.2%
born
76.2%
try
76.2%
born
76.2%
try
76.2%
born
76.2%
try
76.2%
But
75%
But
75%
But
75%
But
75%
But
75%
But
75%
But
75%
But
75%
is
73.8%
is
73.8%
is
73.8%
is
73.8%
make
72.6%
make
72.6%
make
72.6%
make
72.6%
got
71.4%
got
71.4%
got
71.4%
got
71.4%
got
71.4%
got
71.4%
got
71.4%
got
71.4%
understanding
70.2%
understanding
70.2%
life
70.2%
like
70.2%
No
70.2%
Understanding
70.2%
life
70.2%
like
70.2%
understanding
70.2%
life
70.2%
like
70.2%
like
70.2%
been
69%
All
69%
all
69%
choices
69%
been
69%
all
69%
all
69%
choices
69%
all
69%
All
69%
all
69%
all
69%
Lyrics % Correct
choices
69%
choices
69%
I've
67.9%
I've
67.9%
or
67.9%
I've
67.9%
or
67.9%
I've
67.9%
or
67.9%
or
67.9%
of
66.7%
of
66.7%
see
66.7%
learned
66.7%
you've
66.7%
you've
66.7%
of
66.7%
see
66.7%
learned
66.7%
you've
66.7%
you've
66.7%
see
66.7%
see
66.7%
learned
66.7%
you've
66.7%
you've
66.7%
you've
66.7%
you've
66.7%
wrong
65.5%
right
65.5%
wrong
65.5%
right
65.5%
wrong
65.5%
right
65.5%
wrong
65.5%
right
65.5%
Doing
64.3%
everything
64.3%
what
64.3%
on
63.1%
by
61.9%
taught
61.9%
truly
61.9%
things
61.9%
things
61.9%
truly
61.9%
things
61.9%
truly
61.9%
truly
61.9%
things
61.9%
things
61.9%
Going
60.7%
Sometimes
60.7%
have
60.7%
Sometimes
60.7%
Sometimes
60.7%
Sometimes
60.7%
protected
59.5%
from
59.5%
sacrifice
59.5%
sacrifice
59.5%
sacrifice
59.5%
sacrifice
59.5%
rules
58.3%
around
58.3%
More
56%
at
54.8%
walls
53.6%
should
51.2%
what's
50%
talking
47.6%
look
46.4%
bigger
46.4%
picture
46.4%
went
45.2%
mistakes
45.2%
destinies
45.2%
point
44%
regretting
44%
full
44%
fate
44%
Life's
42.9%
Remove
42.9%
clouds
41.7%

You're not logged in!

Compare scores with friends on all Sporcle quizzes.
Join for Free
OR
Log In

You Might Also Like...

Show Comments

Extras

Top Quizzes Today


Score Distribution

Your Account Isn't Verified!

In order to create a playlist on Sporcle, you need to verify the email address you used during registration. Go to your Sporcle Settings to finish the process.

Report this User

Report this user for behavior that violates our Community Guidelines.

Details: